000 00841nas a2200241 4500
001 BR9211351
003 BR-BrBNA
005 20231205093451.0
007 ta
008 230509b bl.|||p| |||| 00| 00por d
040 _aBR-BrBNA
_bpor
_cBiblioteca Nacional de Agricultura
041 _a(Pt)
072 _aM12
100 1 _aFries, B.G.
245 1 _aObservacoes sobre o "lagostim de agua doce" Parastacus brasiliensis (von Martens, 1869)em condicoes de cultivo experimental em laboratorio (Crustacea, Decapoda, Parastacidae)
650 _aPEIXE DE AGUA DOCE
650 _aNUTRICAO HUMANA
650 _aANIMAL DE LABORATORIO
650 _aHABITAT
773 0 _tRevista Brasileira de Biologia (Brazil)
_xISSN 0034-7108
_g(Nov 1984), v. 44(4) p. 409-416
_wBR9211351
909 _a202311
_bLúcia
_c55
_dLúcia Elande
942 _2AGRIS
_n0
_cANA
999 _c138560
_d138560